000
00265nam a22001097a 4500
082
_a
923.1 PAH'F
100
_a
PAHLAVI, ASHRAF
_9
75914
245
_a
FACES IN A MIRROR MEMORIES FROM EXILE
260
_a
NEWJERSCY
_b
PRENRICE HALL
_c
1980
300
_a
238P
942
_c
BK
999
_c
581324
_d
581324